[Event "RSA-chT U20"]
[Site "Boksburg"]
[Date "2020.01.05"]
[Round "3.5"]
[White "Singh, Pragna"]
[Black "Jacobs, Brandon Lee"]
[Result "0-1"]
[WhiteElo "1155"]
[BlackElo "1436"]
[PlyCount "106"]
[EventDate "2020.01.04"]
[EventType "team-tourn"]
[EventRounds "7"]
[EventCountry "RSA"]
[SourceTitle "CBM 194 Extra"]
[Source "ChessBase"]
[SourceDate "2020.03.31"]
[SourceVersion "1"]
[SourceVersionDate "2020.03.31"]
[SourceQuality "1"]
[WhiteTeam "Ekurhuleni U20"]
[BlackTeam "Western Province U20"]
[WhiteTeamCountry "RSA"]
[BlackTeamCountry "RSA"]

1. d4 Nf6 2. e3 d5 3. Bd3 Bg4 4. f3 Bh5 5. Ne2 Bg6 6. f4 e6 7. 0-0 Ne4 8. Nd2 Nd7 9. Qe1 Ndf6 10. Ng3 Be7 11. f5 Nxg3 12. Qxg3 exf5 13. Bxf5 Bd6 14. Qh3 Bxf5 15. Qxf5 Qd7 16. Qf3 Qg4 17. c4 Qxf3 18. gxf3 c6 19. Nb3 b6 20. cxd5 cxd5 21. Bd2 Rc8 22. Rac1 Kd7 23. Rfe1 Rxc1 24. Rxc1 g5 25. h3 h5 26. a3 a5 27. Be1 g4 28. hxg4 hxg4 29. f4 Ne4 30. Nd2 Nxd2 31. Bxd2 f5 32. Kg2 Rc8 33. Rxc8 Kxc8 34. b4 Kb7 35. Kg3 Be7 36. bxa5 Bxa3 37. axb6 Be7 38. Kg2 Kxb6 39. Be1 Kb5 40. Bf2 Kc4 41. Bg1 Kd3 42. Kf2 Bh4+ 43. Kf1 Kd2 44. Kg2 Ke2 45. e4 dxe4 46. d5 Bd8 47. d6 Kd2 48. Bf2 e3 49. Bg3 e2 50. Kh2 e1Q 51. Bxe1+ Kxe1 52. Kg3 Kf1 53. d7 Be7 0-1